| 000 | 00820cam a22002411 4500 | ||
|---|---|---|---|
| 001 | 3588153 | ||
| 003 | OSt | ||
| 005 | 20180116183026.0 | ||
| 008 | 740801s1966 nyua 000 0 eng | ||
| 010 | _a 66029130 | ||
| 040 |
_aDLC _cDLC _dDLC |
||
| 050 | 0 | 0 |
_aHD1415 _b.B6 |
| 082 | 0 | 0 | _a338.1 BOR 1996 |
| 100 | 1 |
_aBorton, Raymond E., _ecomp. |
|
| 245 | 1 | 0 |
_aSelected Readings to Accompany Getting Agriculture Moving. _cEdited by Raymond E. Borton. |
| 260 |
_aNew York, _bAgricultural Development Council _c[1966] |
||
| 300 |
_a526 p. _billus. _c23 cm. |
||
| 440 | _aSelected Readings to Accompany Getting Agriculture Moving. | ||
| 650 | 0 | _aAgriculture and state. | |
| 700 | 1 |
_aMosher, Arthur Theodore, _d1910- _tGetting agriculture moving. |
|
| 906 |
_a7 _bcbc _corignew _du _eocip _f19 _gy-gencatlg |
||
| 942 |
_2ddc _cBK |
||
| 999 |
_c350776 _d350776 |
||